Mạng cung cấp và phân phối điện
Nội dung giới thiệu khái niệm chung về mạng và hệ thống điện, phụ tải điện, đặc tính và tham số của các phần tử, tổn thất công suất, điện năng, điện áp... Các cánh tính toán nhằm giảm thiểu điện năng....
Đã lưu trong:
| Hovedforfatter: | |
|---|---|
| Format: | Bog |
| Sprog: | Undetermined |
| Udgivet: |
Hà Nội
Khoa học và Kỹ thuật
2002
|
| Fag: | |
| Tags: |
Tilføj Tag
Ingen Tags, Vær først til at tagge denne postø!
|
| Thư viện lưu trữ: | Trung tâm Học liệu Trường Đại học Cần Thơ |
|---|
| LEADER | 00942nam a2200205Ia 4500 | ||
|---|---|---|---|
| 001 | CTU_47607 | ||
| 008 | 210402s9999 xx 000 0 und d | ||
| 082 | |a 621.319 | ||
| 082 | |b Th550 | ||
| 100 | |a Bùi, Ngọc Thư | ||
| 245 | 0 | |a Mạng cung cấp và phân phối điện | |
| 245 | 0 | |c Bùi Ngọc Thư | |
| 260 | |a Hà Nội | ||
| 260 | |b Khoa học và Kỹ thuật | ||
| 260 | |c 2002 | ||
| 520 | |a Nội dung giới thiệu khái niệm chung về mạng và hệ thống điện, phụ tải điện, đặc tính và tham số của các phần tử, tổn thất công suất, điện năng, điện áp... Các cánh tính toán nhằm giảm thiểu điện năng. | ||
| 650 | |a Electric power distribution,Electric power transmission | ||
| 650 | |x Equipments and supplies | ||
| 904 | |i Qhieu | ||
| 980 | |a Trung tâm Học liệu Trường Đại học Cần Thơ | ||